[Event "DEM U10 2023"]
[Site "Willingen GER"]
[Date "2023.06.01"]
[Round "8"]
[White "Tarasenko, Nazar"]
[Black "Gersemann, Karl"]
[Result "1-0"]
[Termination "normal"]
[Board "1"]
[WhiteElo "1970"]
[BlackElo "1751"]
[WhiteClock "00:58:59"]
[BlackClock "00:39:35"]
[PlyCount "57"]
[WhiteFideId "34161430"]
[BlackFideId "34602186"]
[EventCountry "GER"]
[EventRounds "11"]
[EventType "swiss"]
[EventDate "2023.05.27"]

1. d4 {[%clk 01:15:55]} {[%emt 00:00:05]} d5 {[%clk 01:15:46]} {[%emt
00:00:14]} 2. c4 {[%clk 01:16:06]} {[%emt 00:00:19]} e6 {[%clk 01:15:52]}
{[%emt 00:00:23]} 3. Nc3 {[%clk 01:16:20]} {[%emt 00:00:16]} c6 {[%clk
01:15:56]} {[%emt 00:00:26]} 4. e4 {[%clk 01:16:41]} {[%emt 00:00:10]} dxe4
{[%clk 01:16:01]} {[%emt 00:00:25]} 5. Nxe4 {[%clk 01:17:06]} {[%emt 00:00:05]}
Bb4+ {[%clk 01:16:19]} {[%emt 00:00:11]} 6. Bd2 {[%clk 01:17:29]} {[%emt
00:00:07]} Qxd4 {[%clk 01:16:20]} {[%emt 00:00:29]} 7. Bxb4 {[%emt 00:00:04]}
Qxe4+ {[%clk 01:16:26]} {[%emt 00:00:22]} 8. Ne2 {[%clk 01:18:21]} {[%emt
00:00:07]} Nd7 {[%clk 01:16:20]} {[%emt 00:00:36]} 9. Qd6 {[%clk 01:17:36]}
{[%emt 00:01:15]} Qe5 {[%clk 01:16:07]} {[%emt 00:00:43]} 10. Qd2 {[%clk
01:15:17]} {[%emt 00:02:49]} Ngf6 {[%clk 01:15:13]} {[%emt 00:01:23]} 11. Bc3
{[%clk 01:15:33]} {[%emt 00:00:14]} Qc7 {[%clk 01:12:15]} {[%emt 00:03:26]} 12.
Ng3 {[%clk 01:14:28]} {[%emt 00:01:37]} O-O {[%clk 01:11:12]} {[%emt 00:01:33]}
13. O-O-O {[%clk 01:14:26]} {[%emt 00:00:33]} a6 {[%clk 01:10:07]} {[%emt
00:01:35]} 14. Qg5 {[%clk 01:09:09]} {[%emt 00:05:46]} h6 {[%clk 01:08:50]}
{[%emt 00:01:48]} 15. Qh4 {[%clk 01:07:29]} {[%emt 00:02:09]} b5 {[%clk
01:07:51]} {[%emt 00:01:29]} 16. Kb1 {[%clk 01:05:25]} {[%emt 00:02:34]} Ne5
{[%clk 01:04:43]} {[%emt 00:03:38]} 17. Qf4 {[%clk 01:05:18]} {[%emt 00:00:36]}
Nfg4 {[%clk 01:04:01]} {[%emt 00:01:12]} 18. h3 {[%clk 01:03:50]} {[%emt
00:01:59]} g5 {[%clk 01:03:36]} {[%emt 00:00:55]} 19. Qd2 {[%clk 01:03:55]}
{[%emt 00:00:25]} Nf6 {[%clk 01:03:35]} {[%emt 00:00:31]} 20. f4 {[%clk
01:00:31]} {[%emt 00:03:55]} Ned7 {[%clk 01:03:27]} {[%emt 00:00:37]} 21. fxg5
{[%clk 00:59:55]} {[%emt 00:01:06]} Qxg3 {[%clk 01:03:47]} {[%emt 00:00:10]}
22. gxf6 {[%clk 01:00:17]} {[%emt 00:00:08]} Nxf6 {[%clk 00:59:38]} {[%emt
00:04:38]} 23. Bd3 {[%clk 01:00:25]} {[%emt 00:00:24]} bxc4 {[%clk 00:48:08]}
{[%emt 00:12:00]} 24. Qxh6 {[%clk 00:59:45]} {[%emt 00:01:09]} Qg7 {[%clk
00:48:27]} {[%emt 00:00:11]} 25. Qh4 {[%clk 00:59:28]} {[%emt 00:00:48]} cxd3
{[%clk 00:47:57]} {[%emt 00:01:00]} 26. Rhf1 {[%clk 00:58:35]} {[%emt
00:01:22]} Qh7 {[%clk 00:45:45]} {[%emt 00:02:41]} 27. Qxf6 {[%clk 00:58:50]}
{[%emt 00:00:16]} d2+ {[%clk 00:44:33]} {[%emt 00:01:42]} 28. Ka1 {[%clk
00:59:11]} {[%emt 00:00:10]} Bb7 {[%clk 00:39:35]} {[%emt 00:05:28]} 29. Rf4
{[%clk 00:58:59]} {[%emt 00:00:41]} 1-0

[Event "DEM U10 2023"]
[Site "Willingen GER"]
[Date "2023.06.01"]
[Round "8"]
[White "Fadeev, Justin Michael"]
[Black "Sheng, Ming"]
[Result "1-0"]
[Termination "normal"]
[Board "2"]
[WhiteElo "1470"]
[BlackElo "1675"]
[WhiteClock "00:06:35"]
[BlackClock "00:01:06"]
[PlyCount "153"]
[WhiteFideId "34602968"]
[BlackFideId "34605258"]
[EventCountry "GER"]
[EventRounds "11"]
[EventType "swiss"]
[EventDate "2023.05.27"]

1. e4 {[%clk 01:15:59]} c6 {[%clk 01:15:46]} {[%emt 00:00:14]} 2. d4 {[%clk
01:16:25]} {[%emt 00:00:05]} d5 {[%clk 01:16:12]} {[%emt 00:00:03]} 3. exd5
{[%clk 01:16:51]} {[%emt 00:00:04]} cxd5 {[%clk 01:16:37]} {[%emt 00:00:06]} 4.
Bd3 {[%clk 01:17:16]} {[%emt 00:00:04]} Nc6 {[%clk 01:17:00]} {[%emt 00:00:07]}
5. c3 {[%clk 01:17:39]} {[%emt 00:00:07]} Nf6 {[%clk 01:17:27]} {[%emt
00:00:03]} 6. h3 {[%clk 01:17:26]} {[%emt 00:00:44]} g6 {[%clk 01:17:11]}
{[%emt 00:00:45]} 7. Bf4 {[%clk 01:17:41]} {[%emt 00:00:15]} Bf5 {[%clk
01:17:23]} {[%emt 00:00:18]} 8. Bxf5 {[%clk 01:18:03]} {[%emt 00:00:09]} gxf5
{[%clk 01:17:46]} {[%emt 00:00:06]} 9. Nf3 {[%clk 01:18:15]} {[%emt 00:00:19]}
e6 {[%clk 01:17:43]} {[%emt 00:00:32]} 10. Qe2 {[%clk 01:16:01]} {[%emt
00:02:44]} Bd6 {[%clk 01:11:19]} {[%emt 00:06:54]} 11. Bxd6 {[%clk 01:10:35]}
{[%emt 00:05:57]} Qxd6 {[%clk 01:10:39]} {[%emt 00:01:09]} 12. Nbd2 {[%clk
01:08:15]} {[%emt 00:02:50]} Rg8 {[%clk 01:02:49]} {[%emt 00:08:19]} 13. Rg1
{[%clk 00:58:24]} {[%emt 00:10:23]} Ne4 {[%clk 00:51:54]} {[%emt 00:11:24]} 14.
Nb3 {[%clk 00:49:20]} {[%emt 00:09:34]} O-O-O {[%clk 00:49:03]} {[%emt
00:03:21]} 15. O-O-O {[%clk 00:44:22]} {[%emt 00:05:28]} Kb8 {[%clk 00:39:00]}
{[%emt 00:10:33]} 16. Kb1 {[%clk 00:40:51]} {[%emt 00:04:02]} Rc8 {[%clk
00:38:13]} {[%emt 00:01:16]} 17. Rde1 {[%clk 00:32:16]} {[%emt 00:09:04]} Qc7
{[%clk 00:30:43]} {[%emt 00:08:01]} 18. Ka1 {[%clk 00:29:39]} {[%emt 00:03:07]}
f6 {[%clk 00:23:14]} {[%emt 00:07:59]} 19. Nfd2 {[%clk 00:15:20]} {[%emt
00:14:48]} Na5 {[%clk 00:15:24]} {[%emt 00:08:20]} 20. Nxa5 {[%clk 00:14:09]}
{[%emt 00:01:41]} Qxa5 {[%clk 00:15:28]} {[%emt 00:00:27]} 21. Nb3 {[%clk
00:14:24]} {[%emt 00:00:14]} Qc7 {[%clk 00:11:44]} {[%emt 00:04:15]} 22. f3
{[%clk 00:13:40]} {[%emt 00:01:14]} Nd6 {[%clk 00:10:10]} {[%emt 00:02:05]} 23.
Qxe6 {[%clk 00:12:24]} {[%emt 00:01:44]} Rce8 {[%clk 00:04:07]} {[%emt
00:06:34]} 24. Qxd5 {[%clk 00:06:34]} {[%emt 00:06:21]} Rxe1+ {[%clk 00:04:20]}
{[%emt 00:00:16]} 25. Rxe1 {[%clk 00:07:00]} {[%emt 00:00:04]} Rxg2 {[%clk
00:04:39]} {[%emt 00:00:11]} 26. Nc5 {[%clk 00:03:12]} {[%emt 00:04:19]} Qe7
{[%clk 00:03:20]} {[%emt 00:01:49]} 27. Ne6 {[%clk 00:02:16]} {[%emt 00:01:26]}
Nc8 {[%clk 00:02:50]} {[%emt 00:01:00]} 28. a3 {[%clk 00:02:28]} {[%emt
00:00:18]} Rg3 {[%clk 00:02:44]} {[%emt 00:00:36]} 29. h4 {[%clk 00:02:05]}
{[%emt 00:00:52]} f4 {[%clk 00:02:09]} {[%emt 00:01:05]} 30. Ka2 {[%clk
00:02:18]} {[%emt 00:00:18]} Qd6 {[%clk 00:02:21]} {[%emt 00:00:18]} 31. Qe4
{[%clk 00:02:19]} {[%emt 00:00:27]} f5 {[%clk 00:02:09]} {[%emt 00:00:44]} 32.
Qxf5 {[%clk 00:01:18]} {[%emt 00:01:31]} Rxf3 {[%clk 00:02:17]} {[%emt
00:00:21]} 33. Nc5 {[%clk 00:01:32]} {[%emt 00:00:16]} Re3 {[%clk 00:02:15]}
{[%emt 00:00:32]} 34. Rxe3 {[%clk 00:01:03]} {[%emt 00:00:59]} fxe3 {[%clk
00:02:39]} {[%emt 00:00:06]} 35. Qe4 {[%clk 00:01:27]} {[%emt 00:00:05]} Qe7
{[%clk 00:02:08]} {[%emt 00:01:01]} 36. Ne6 {[%clk 00:01:30]} {[%emt 00:00:29]}
Nd6 {[%clk 00:01:27]} {[%emt 00:01:10]} 37. Qxe3 {[%clk 00:01:44]} {[%emt
00:00:16]} Qxh4 {[%clk 00:01:52]} {[%emt 00:00:05]} 38. Qe5 {[%clk 00:01:50]}
{[%emt 00:00:24]} Qe7 {[%clk 00:02:11]} {[%emt 00:00:11]} 39. Qh8+ {[%clk
00:02:07]} {[%emt 00:00:13]} Nc8 {[%clk 00:02:09]} {[%emt 00:00:32]} 40. Qe5+
{[%clk 00:02:32]} {[%emt 00:00:05]} Nd6 {[%clk 00:02:27]} {[%emt 00:00:12]} 41.
c4 {[%clk 00:14:02]} {[%emt 00:04:00]} Kc8 {[%clk 00:16:48]} {[%emt 00:01:09]}
42. Qc5+ {[%clk 00:09:20]} {[%emt 00:05:10]} Kb8 {[%clk 00:13:50]} {[%emt
00:03:30]} 43. d5 {[%clk 00:09:10]} {[%emt 00:00:40]} Nc8 {[%clk 00:12:46]}
{[%emt 00:01:34]} 44. Qd4 {[%clk 00:07:28]} {[%emt 00:02:08]} b6 {[%clk
00:10:17]} {[%emt 00:03:03]} 45. Qg4 {[%clk 00:05:26]} {[%emt 00:02:27]} Nd6
{[%clk 00:06:29]} {[%emt 00:04:22]} 46. Nd4 {[%clk 00:04:56]} {[%emt 00:01:01]}
Qc7 {[%clk 00:04:54]} {[%emt 00:02:04]} 47. Nc6+ {[%clk 00:05:00]} {[%emt
00:00:27]} Kb7 {[%clk 00:04:55]} {[%emt 00:00:28]} 48. Qd4 {[%clk 00:04:23]}
{[%emt 00:01:06]} Nf5 {[%clk 00:04:33]} {[%emt 00:00:53]} 49. Qe4 {[%clk
00:04:45]} {[%emt 00:00:09]} Nd6 {[%clk 00:04:53]} {[%emt 00:00:10]} 50. Qh4
{[%clk 00:04:40]} {[%emt 00:00:34]} Nf5 {[%clk 00:04:59]} {[%emt 00:00:25]} 51.
Qg4 {[%clk 00:04:53]} {[%emt 00:00:16]} Ne7 {[%clk 00:04:15]} {[%emt 00:01:14]}
52. Nb4 {[%clk 00:04:13]} {[%emt 00:01:08]} a5 {[%clk 00:02:58]} {[%emt
00:01:51]} 53. Nd3 {[%clk 00:04:36]} {[%emt 00:00:06]} h5 {[%clk 00:02:17]}
{[%emt 00:01:11]} 54. Qe4 {[%clk 00:04:51]} {[%emt 00:00:14]} Nc8 {[%clk
00:01:50]} {[%emt 00:00:58]} 55. Ne5 {[%clk 00:04:55]} {[%emt 00:00:26]} Nd6
{[%clk 00:02:00]} {[%emt 00:00:20]} 56. Qh4 {[%clk 00:03:52]} {[%emt 00:01:31]}
Nf5 {[%clk 00:01:51]} {[%emt 00:00:42]} 57. Qf4 {[%clk 00:03:46]} {[%emt
00:00:34]} Nd6 {[%clk 00:02:04]} {[%emt 00:00:19]} 58. Nc6 {[%clk 00:03:51]}
{[%emt 00:00:24]} Nf7 {[%clk 00:01:08]} {[%emt 00:01:25]} 59. Qh4 {[%clk
00:04:00]} {[%emt 00:00:22]} Ne5 {[%clk 00:01:22]} {[%emt 00:00:16]} 60. Qxh5
{[%clk 00:03:47]} {[%emt 00:00:43]} Nxc6 {[%clk 00:01:47]} {[%emt 00:00:06]}
61. dxc6+ {[%clk 00:03:53]} {[%emt 00:00:23]} Qxc6 {[%clk 00:02:08]} {[%emt
00:01:09]} 62. Qd5 {[%clk 00:04:19]} {[%emt 00:00:05]} Qxd5 {[%clk 00:00:51]}
{[%emt 00:01:47]} 63. cxd5 {[%clk 00:04:45]} {[%emt 00:00:04]} a4 {[%clk
00:00:34]} {[%emt 00:00:47]} 64. Kb1 {[%clk 00:03:37]} {[%emt 00:01:38]} Kc7
{[%clk 00:00:31]} {[%emt 00:00:32]} 65. Kc2 {[%clk 00:03:55]} {[%emt 00:00:13]}
Kd6 {[%clk 00:00:45]} {[%emt 00:00:16]} 66. Kc3 {[%clk 00:04:21]} {[%emt
00:00:04]} Kxd5 {[%clk 00:00:54]} {[%emt 00:00:21]} 67. Kb4 {[%clk 00:04:47]}
{[%emt 00:00:04]} Kc6 {[%clk 00:00:55]} {[%emt 00:00:29]} 68. Kxa4 {[%clk
00:05:12]} {[%emt 00:00:06]} Kc5 {[%clk 00:00:55]} {[%emt 00:00:29]} 69. Kb3
{[%clk 00:05:12]} {[%emt 00:00:30]} Kb5 {[%clk 00:00:47]} {[%emt 00:00:38]} 70.
a4+ {[%clk 00:05:28]} {[%emt 00:00:14]} Ka6 {[%clk 00:00:33]} {[%emt 00:00:44]}
71. Kb4 {[%clk 00:05:53]} {[%emt 00:00:05]} Kb7 {[%clk 00:00:32]} {[%emt
00:00:31]} 72. Kb5 {[%clk 00:06:15]} {[%emt 00:00:08]} Kc7 {[%clk 00:00:32]}
{[%emt 00:00:30]} 73. Ka6 {[%clk 00:05:30]} {[%emt 00:01:15]} Kc6 {[%clk
00:00:37]} {[%emt 00:00:24]} 74. b4 {[%clk 00:05:52]} {[%emt 00:00:09]} Kc7
{[%clk 00:00:57]} {[%emt 00:00:10]} 75. b5 {[%clk 00:06:18]} {[%emt 00:00:04]}
Kc8 {[%clk 00:00:40]} {[%emt 00:00:47]} 76. Kxb6 {[%clk 00:06:43]} {[%emt
00:00:05]} Kb8 {[%clk 00:01:06]} {[%emt 00:00:04]} 77. a5 {[%clk 00:06:35]}
{[%emt 00:00:38]} 1-0

[Event "DEM U10 2023"]
[Site "Willingen GER"]
[Date "2023.06.01"]
[Round "8"]
[White "Steinbrenner, Peter"]
[Black "Andersen, Jonathan"]
[Result "0-1"]
[Termination "normal"]
[Board "3"]
[WhiteElo "1601"]
[BlackElo "1494"]
[WhiteClock "00:01:01"]
[BlackClock "00:46:04"]
[PlyCount "78"]
[WhiteFideId "34645535"]
[BlackFideId "34623884"]
[EventCountry "GER"]
[EventRounds "11"]
[EventType "swiss"]
[EventDate "2023.05.27"]

1. e4 {[%clk 01:15:55]} {[%emt 00:00:05]} e5 {[%clk 01:15:55]} {[%emt
00:00:05]} 2. Nf3 {[%clk 01:16:19]} {[%emt 00:00:06]} Nc6 {[%clk 01:16:21]}
{[%emt 00:00:04]} 3. Bb5 {[%clk 01:16:44]} {[%emt 00:00:05]} a6 {[%clk
01:16:44]} {[%emt 00:00:07]} 4. Ba4 {[%clk 01:17:09]} {[%emt 00:00:05]} Nf6
{[%clk 01:16:54]} {[%emt 00:00:19]} 5. O-O {[%clk 01:17:23]} {[%emt 00:00:16]}
Be7 {[%clk 01:17:17]} {[%emt 00:00:07]} 6. Re1 {[%clk 01:17:41]} {[%emt
00:00:12]} b5 {[%clk 01:17:42]} {[%emt 00:00:06]} 7. Bb3 {[%clk 01:18:00]}
{[%emt 00:00:12]} O-O {[%clk 01:18:03]} {[%emt 00:00:07]} 8. a4 {[%clk
01:18:14]} {[%emt 00:00:17]} Bb7 {[%clk 01:17:48]} {[%emt 00:00:45]} 9. d3
{[%clk 01:11:52]} {[%emt 00:06:52]} d6 {[%clk 01:17:22]} {[%emt 00:00:56]} 10.
c3 {[%clk 01:11:57]} {[%emt 00:00:25]} Na5 {[%clk 01:16:00]} {[%emt 00:01:51]}
11. Bc2 {[%clk 01:11:40]} {[%emt 00:00:47]} c5 {[%clk 01:16:12]} {[%emt
00:00:18]} 12. Nbd2 {[%clk 01:07:35]} {[%emt 00:04:35]} Qc7 {[%clk 01:15:37]}
{[%emt 00:01:06]} 13. Nf1 {[%clk 00:59:18]} {[%emt 00:08:47]} Rfc8 {[%clk
01:14:13]} {[%emt 00:01:54]} 14. Ng3 {[%clk 00:54:15]} {[%emt 00:05:33]} g6
{[%clk 01:14:25]} {[%emt 00:00:17]} 15. h3 {[%clk 00:53:19]} {[%emt 00:01:26]}
Nc6 {[%clk 01:12:56]} {[%emt 00:02:00]} 16. Nh2 {[%clk 00:50:08]} {[%emt
00:03:36]} b4 {[%clk 01:12:53]} {[%emt 00:00:38]} 17. Ng4 {[%clk 00:48:57]}
{[%emt 00:01:40]} Qd7 {[%clk 01:10:16]} {[%emt 00:03:08]} 18. Nh6+ {[%clk
00:45:20]} {[%emt 00:04:05]} Kg7 {[%clk 01:10:12]} {[%emt 00:00:36]} 19. Ng4
{[%clk 00:38:00]} {[%emt 00:07:45]} Nxg4 {[%clk 01:10:33]} {[%emt 00:00:14]}
20. hxg4 {[%clk 00:37:49]} {[%emt 00:00:40]} Bh4 {[%clk 01:08:06]} {[%emt
00:02:57]} 21. Re3 {[%clk 00:33:05]} {[%emt 00:05:09]} Nd8 {[%clk 01:05:49]}
{[%emt 00:02:52]} 22. Nf1 {[%clk 00:24:42]} {[%emt 00:08:53]} Ne6 {[%clk
01:00:14]} {[%emt 00:06:05]} 23. Rh3 {[%clk 00:16:56]} {[%emt 00:08:15]} Qe7
{[%clk 00:59:40]} {[%emt 00:01:05]} 24. Ng3 {[%clk 00:09:51]} {[%emt 00:07:32]}
Kh8 {[%clk 00:53:18]} {[%emt 00:06:55]} 25. Ne2 {[%clk 00:05:29]} {[%emt
00:04:47]} Bg5 {[%clk 00:49:35]} {[%emt 00:04:18]} 26. g3 {[%clk 00:04:16]}
{[%emt 00:01:40]} Bxc1 {[%clk 00:49:50]} {[%emt 00:00:18]} 27. Nxc1 {[%clk
00:04:23]} {[%emt 00:00:24]} Qf6 {[%clk 00:49:42]} {[%emt 00:00:38]} 28. Kg2
{[%clk 00:02:07]} {[%emt 00:02:46]} d5 {[%clk 00:49:22]} {[%emt 00:00:50]} 29.
f3 {[%clk 00:01:51]} {[%emt 00:00:45]} Rd8 {[%clk 00:48:49]} {[%emt 00:01:03]}
30. Qe2 {[%clk 00:01:36]} {[%emt 00:00:46]} Rd7 {[%clk 00:48:27]} {[%emt
00:00:51]} 31. Rh1 {[%clk 00:01:00]} {[%emt 00:01:06]} Rad8 {[%clk 00:48:28]}
{[%emt 00:00:29]} 32. Rd1 {[%clk 00:00:57]} {[%emt 00:00:33]} Qg5 {[%clk
00:47:46]} {[%emt 00:01:12]} 33. exd5 {[%clk 00:00:56]} {[%emt 00:00:32]} Bxd5
{[%clk 00:47:42]} {[%emt 00:00:33]} 34. Re1 {[%clk 00:00:59]} {[%emt 00:00:23]}
f6 {[%clk 00:47:39]} {[%emt 00:00:37]} 35. Kf2 {[%clk 00:00:45]} {[%emt
00:00:43]} Qh6 {[%clk 00:46:53]} {[%emt 00:01:17]} 36. Kg2 {[%clk 00:00:48]}
{[%emt 00:00:27]} Ng5 {[%clk 00:46:51]} {[%emt 00:00:31]} 37. Rf1 {[%clk
00:00:57]} {[%emt 00:00:23]} Qh3+ {[%clk 00:47:01]} {[%emt 00:00:19]} 38. Kf2
{[%clk 00:00:57]} {[%emt 00:00:29]} Bxf3 {[%clk 00:46:20]} {[%emt 00:01:12]}
39. Qd2 {[%clk 00:01:01]} {[%emt 00:00:25]} Ne4+ {[%clk 00:46:04]} {[%emt
00:00:47]} 0-1

[Event "DEM U10 2023"]
[Site "Willingen GER"]
[Date "2023.06.01"]
[Round "8"]
[White "Heins, Simon"]
[Black "Li, Yunqi"]
[Result "0-1"]
[Termination "normal"]
[Board "4"]
[WhiteElo "1592"]
[BlackElo "1609"]
[WhiteClock "00:05:19"]
[BlackClock "00:17:52"]
[PlyCount "84"]
[WhiteFideId "34660194"]
[BlackFideId "34610618"]
[EventCountry "GER"]
[EventRounds "11"]
[EventType "swiss"]
[EventDate "2023.05.27"]

1. e4 {[%clk 01:15:59]} {[%emt 00:00:02]} e6 {[%clk 01:15:55]} {[%emt
00:00:04]} 2. d4 {[%clk 01:16:24]} {[%emt 00:00:05]} d5 {[%clk 01:16:19]}
{[%emt 00:00:06]} 3. e5 {[%clk 01:16:48]} {[%emt 00:00:07]} c5 {[%clk
01:16:37]} {[%emt 00:00:11]} 4. c3 {[%clk 01:17:12]} {[%emt 00:00:07]} Nc6
{[%clk 01:17:02]} {[%emt 00:00:05]} 5. Nf3 {[%clk 01:17:29]} {[%emt 00:00:13]}
Bd7 {[%clk 01:17:24]} {[%emt 00:00:07]} 6. Be2 {[%clk 01:17:37]} {[%emt
00:00:23]} f6 {[%clk 01:17:36]} {[%emt 00:00:18]} 7. O-O {[%clk 01:17:54]}
{[%emt 00:00:13]} Qc7 {[%clk 01:17:26]} {[%emt 00:00:39]} 8. Bf4 {[%clk
01:18:00]} {[%emt 00:00:24]} O-O-O {[%clk 01:17:28]} {[%emt 00:00:29]} 9. Bg3
{[%clk 01:18:23]} {[%emt 00:00:07]} f5 {[%clk 01:16:04]} {[%emt 00:01:54]} 10.
a4 {[%clk 01:18:32]} {[%emt 00:00:21]} h6 {[%clk 01:14:20]} {[%emt 00:02:13]}
11. dxc5 {[%clk 01:18:47]} {[%emt 00:00:16]} Bxc5 {[%clk 01:12:30]} {[%emt
00:02:20]} 12. b4 {[%clk 01:19:01]} {[%emt 00:00:15]} Be7 {[%clk 01:12:17]}
{[%emt 00:00:43]} 13. Nd4 {[%clk 01:18:01]} {[%emt 00:01:31]} Nxd4 {[%clk
01:10:47]} {[%emt 00:02:00]} 14. Qxd4 {[%clk 01:16:57]} {[%emt 00:01:33]} Kb8
{[%clk 01:08:55]} {[%emt 00:02:22]} 15. Na3 {[%clk 01:15:28]} {[%emt 00:02:00]}
Qb6 {[%clk 00:49:24]} {[%emt 00:20:01]} 16. Qxb6 {[%emt 00:08:42]} axb6 {[%clk
00:49:45]} {[%emt 00:00:08]} 17. Nb5 {[%clk 01:07:08]} {[%emt 00:00:39]} g5
{[%clk 00:45:52]} {[%emt 00:04:22]} 18. f4 {[%clk 01:05:51]} {[%emt 00:01:48]}
gxf4 {[%clk 00:42:31]} {[%emt 00:03:51]} 19. Bxf4 {[%emt 00:02:01]} Bxb5 {[%clk
00:40:48]} {[%emt 00:02:10]} 20. Bxb5 {[%clk 01:04:07]} {[%emt 00:00:46]} Bg5
{[%clk 00:40:12]} {[%emt 00:01:06]} 21. g3 {[%clk 01:03:11]} {[%emt 00:01:26]}
Ne7 {[%clk 00:34:46]} {[%emt 00:05:55]} 22. Rad1 {[%clk 01:00:54]} {[%emt
00:02:47]} Rhg8 {[%clk 00:28:35]} {[%emt 00:06:41]} 23. Kf2 {[%clk 00:59:42]}
{[%emt 00:01:43]} Bxf4 {[%clk 00:28:14]} {[%emt 00:00:51]} 24. gxf4 {[%clk
01:00:08]} {[%emt 00:00:04]} Rg4 {[%clk 00:28:15]} {[%emt 00:00:29]} 25. Ke3
{[%clk 00:59:43]} {[%emt 00:00:54]} Rh4 {[%clk 00:27:08]} {[%emt 00:01:37]} 26.
Rd2 {[%clk 00:59:14]} {[%emt 00:01:00]} d4+ {[%clk 00:20:05]} {[%emt 00:07:33]}
27. Rxd4 {[%emt 00:01:21]} Nd5+ {[%clk 00:20:27]} {[%emt 00:00:05]} 28. Kd2
{[%clk 00:43:35]} {[%emt 00:15:20]} Rxh2+ {[%clk 00:20:45]} {[%emt 00:00:13]}
29. Be2 {[%clk 00:43:55]} {[%emt 00:00:10]} Rg8 {[%clk 00:20:43]} {[%emt
00:00:32]} 30. c4 {[%clk 00:43:01]} {[%emt 00:01:24]} Nxb4 {[%clk 00:20:04]}
{[%emt 00:01:09]} 31. Rd6 {[%clk 00:43:17]} {[%emt 00:00:13]} Rgg2 {[%clk
00:20:01]} {[%emt 00:00:33]} 32. Re1 {[%clk 00:42:54]} {[%emt 00:00:53]} Nc6
{[%clk 00:20:07]} {[%emt 00:00:25]} 33. Ke3 {[%clk 00:42:38]} {[%emt 00:00:46]}
Rg3+ {[%clk 00:19:11]} {[%emt 00:01:26]} 34. Bf3 {[%clk 00:40:59]} {[%emt
00:02:09]} Ra2 {[%clk 00:19:19]} {[%emt 00:00:22]} 35. Red1 {[%clk 00:40:42]}
{[%emt 00:00:47]} Rh3 {[%clk 00:16:21]} {[%emt 00:03:28]} 36. R1d3 {[%clk
00:39:07]} {[%emt 00:02:04]} Nb4 {[%clk 00:16:10]} {[%emt 00:00:41]} 37. Rc3
{[%clk 00:06:46]} {[%emt 00:32:51]} Nc2+ {[%clk 00:16:26]} {[%emt 00:00:15]}
38. Kf2 {[%clk 00:06:06]} {[%emt 00:01:09]} Nd4+ {[%clk 00:16:43]} {[%emt
00:00:13]} 39. Be2 {[%clk 00:04:20]} {[%emt 00:02:17]} Rxe2+ {[%clk 00:17:05]}
{[%emt 00:00:08]} 40. Kg1 {[%clk 00:04:38]} {[%emt 00:00:11]} Rxc3 {[%clk
00:17:28]} {[%emt 00:00:08]} 41. Rxd4 {[%clk 00:04:56]} {[%emt 00:00:12]} Rc1+
{[%clk 00:17:33]} {[%emt 00:00:25]} 42. Rd1 {[%clk 00:05:19]} {[%emt 00:00:07]}
Rxd1# {[%clk 00:17:52]} {[%emt 00:00:11]} 0-1

[Event "DEM U10 2023"]
[Site "Willingen GER"]
[Date "2023.06.01"]
[Round "8"]
[White "Menke, Raphael Wilhelm"]
[Black "Peglau, Paul David"]
[Result "0-1"]
[Termination "normal"]
[Board "5"]
[WhiteElo "1884"]
[BlackElo "1745"]
[WhiteClock "00:41:43"]
[BlackClock "00:31:03"]
[PlyCount "44"]
[WhiteFideId "34621008"]
[BlackFideId "16290550"]
[EventCountry "GER"]
[EventRounds "11"]
[EventType "swiss"]
[EventDate "2023.05.27"]

1. e4 {[%clk 01:15:59]} {[%emt 00:28:26]} e6 {[%clk 01:15:50]} {[%emt
00:00:10]} 2. d4 {[%clk 01:16:22]} {[%emt 00:00:07]} d5 {[%clk 01:16:16]}
{[%emt 00:00:05]} 3. Nc3 {[%clk 01:16:44]} {[%emt 00:00:07]} Bb4 {[%clk
01:16:41]} {[%emt 00:00:05]} 4. e5 {[%clk 01:16:37]} {[%emt 00:00:37]} c5
{[%clk 01:17:05]} {[%emt 00:00:07]} 5. a3 {[%clk 01:15:59]} {[%emt 00:01:08]}
Ba5 {[%clk 01:17:16]} {[%emt 00:00:18]} 6. b4 {[%clk 01:14:10]} {[%emt
00:02:19]} cxd4 {[%clk 01:17:27]} {[%emt 00:00:19]} 7. Nb5 {[%clk 01:11:11]}
{[%emt 00:03:29]} Bb6 {[%clk 01:16:58]} {[%emt 00:00:59]} 8. Nd6+ {[%clk
01:09:19]} {[%emt 00:02:23]} Kf8 {[%clk 01:17:13]} {[%emt 00:00:14]} 9. Nf3
{[%clk 01:07:36]} {[%emt 00:02:12]} Nc6 {[%clk 01:12:11]} {[%emt 00:05:33]} 10.
Bb5 {[%clk 01:04:53]} {[%emt 00:03:14]} Nxe5 {[%clk 01:05:25]} {[%emt
00:07:16]} 11. Nxd4 {[%clk 01:00:19]} {[%emt 00:05:03]} Qxd6 {[%clk 01:01:33]}
{[%emt 00:04:23]} 12. O-O {[%clk 00:59:56]} {[%emt 00:00:52]} Nc6 {[%clk
01:00:18]} {[%emt 00:01:45]} 13. Bxc6 {[%clk 00:58:10]} {[%emt 00:02:17]} bxc6
{[%clk 01:00:03]} {[%emt 00:00:44]} 14. Bb2 {[%clk 00:58:11]} {[%emt 00:00:29]}
Nf6 {[%clk 00:58:31]} {[%emt 00:02:02]} 15. Re1 {[%clk 00:57:51]} {[%emt
00:00:50]} Ne4 {[%clk 00:53:17]} {[%emt 00:05:45]} 16. a4 {[%clk 00:53:44]}
{[%emt 00:04:37]} e5 {[%clk 00:48:56]} {[%emt 00:04:51]} 17. b5 {[%clk
00:52:52]} {[%emt 00:01:21]} exd4 {[%clk 00:46:07]} {[%emt 00:03:19]} 18. a5
{[%clk 00:49:33]} {[%emt 00:03:49]} Bc5 {[%clk 00:44:14]} {[%emt 00:02:23]} 19.
b6 {[%clk 00:46:55]} {[%emt 00:03:08]} d3 {[%clk 00:39:06]} {[%emt 00:05:39]}
20. Rf1 {[%clk 00:45:56]} {[%emt 00:01:29]} dxc2 {[%clk 00:35:24]} {[%emt
00:04:12]} 21. Qxc2 {[%clk 00:44:36]} {[%emt 00:01:49]} Ba6 {[%clk 00:33:44]}
{[%emt 00:02:11]} 22. b7 {[%clk 00:41:43]} {[%emt 00:03:22]} Rb8 {[%clk
00:31:03]} {[%emt 00:03:10]} 0-1